Актуальные вопросы геологии, минералогии и геохимии золота и серебра в Средней Азии: сборник статей

Bibliografiske detaljer
Andre forfattere: Антонов А. Е.
Sprog:russisk
Udgivet: Ташкент, САИГИМС, 1982
Fag:
Format: MixedMaterials Bog
KOHA link:https://koha.lib.tpu.ru/cgi-bin/koha/opac-detail.pl?biblionumber=103007

MARC

LEADER 00000nam0a2200000 4500
001 103007
005 20231031113207.0
035 |a (RuTPU)RU\TPU\book\111059 
090 |a 103007 
100 |a 20061010d1982 km y0rusy50 ca 
101 0 |a rus 
102 |a UZ 
105 |a a z 001zy 
200 1 |a Актуальные вопросы геологии, минералогии и геохимии золота и серебра в Средней Азии  |e сборник статей  |f А. Е. Антонов 
210 |a Ташкент  |c САИГИМС  |d 1982 
215 |a 152 с.  |c ил. 
320 |a Библиогр. в конце ст. 
610 1 |a золоторудные месторождения 
610 1 |a геология 
610 1 |a Средняя Азия 
610 1 |a серебряные руды 
610 1 |a месторождения 
675 |a 553.41  |v 3 
701 1 |a Антонов  |b А. Е. 
801 1 |a RU  |b 63413507  |c 20061010  |g PSBO 
801 2 |a RU  |b 63413507  |c 20150430  |g PSBO 
942 |c BK